| 000 | 00673nam a22002177a 4500 | ||
|---|---|---|---|
| 999 |
_c17511 _d17511 |
||
| 003 | BDDh-ASL | ||
| 005 | 20231015025545.0 | ||
| 008 | 161208b1964 pk ab||| |||| 001 0 eng | | ||
| 040 |
_aBDDh-ASL _cBDDh-ASL _dBDDh-ASL |
||
| 082 |
_a954.92 _bKAD |
||
| 100 | 1 |
_aKarim, Abdul _984 |
|
| 245 | 1 | 0 | _aDacca The Mughal Capital/ |
| 260 |
_aDacca: _bAsiatic Society of Pakistan, _c1964. |
||
| 300 |
_axii, 514 p.: _bill,; _c25 cm. |
||
| 440 |
_aAsiatic Society of Pakistan publication. _9217 _vno. 18 |
||
| 500 | _aIncludes index. | ||
| 504 | _aBibliography:P. [498]-503 | ||
| 650 |
_xDhaka _zBangladesh _985 |
||
| 651 |
_2History of Dhaka _aDhaka _xBangladesh _986 |
||
| 942 |
_2ddc _cBK |
||